An atlas of plant structure

Guardat en:
Dades bibliogràfiques
Autor principal: Brian Bracegirdle
Format: Llibre
Idioma:Undetermined
Publicat: London Heinemann Educational Book 1971
Etiquetes: Afegir etiqueta
Sense etiquetes, Sigues el primer a etiquetar aquest registre!
Thư viện lưu trữ: Trung tâm Học liệu Trường Đại học Cần Thơ
LEADER 00444nam a2200157Ia 4500
001 CTU_33238
008 210402s9999 xx 000 0 und d
082 |a 581.4 
082 |b B796 
100 |a Brian Bracegirdle 
245 3 |a An atlas of plant structure 
245 0 |c Brian Bracegirdle, Patricia H Miles 
260 |a London 
260 |b Heinemann Educational Book 
260 |c 1971 
980 |a Trung tâm Học liệu Trường Đại học Cần Thơ